Mainz players (2010-2020) - Statistics

General Stats
  • This quiz has been taken 10 times
  • The average score is 36 of 119
Answer Stats
Rank Player Positions Nationality Matches Goals (assists) Period % Correct
1 Stefan Bell CB 177 10 (10) 2012-2019
88%
15 Loris Karius GK 91 0 (0) 2012-2016
75%
9 Pablo de Blasis AM 103 15 (15) 2014-2019
75%
45 Robin Zentner GK 47 0 (0) 2017-2020
75%
13 Ádám Szalai ST 91 21 (10) 2010-2013, 2019-2020
63%
55 André Schürrle LW 33 15 (5) 2010-2011
63%
8 Elkin Soto CM 122 10 (8) 2010-2016
63%
50 Florian Müller GK 42 0 (0) 2017-2020
63%
54 Heinz Müller GK 35 0 (0) 2010-2014
63%
16 Jean-Philippe Gbamin DM 86 3 (4) 2016-2019
63%
39 Jean-Philippe Mateta ST 52 17 (4) 2018-2020
63%
14 Karim Onisiwo ST 91 13 (11) 2015-2020
63%
69 Leandro Barreiro CM 19 0 (2) 2018-2020
63%
57 Lewis Holtby CM 30 4 (10) 2010-2011
63%
18 Nicolai Müller AM 81 21 (13) 2011-2014
63%
74 René Adler GK 14 0 (0) 2017-2018
63%
11 Robin Quaison ST 95 25 (6) 2016-2020
63%
5 Yunus Mallı AM 129 29 (18) 2011-2017
63%
61 Abdou Diallo CB 27 2 (1) 2017-2018
50%
17 Giulio Donati RB 81 0 (5) 2015-2019
50%
65 Jeremiah St. Juste CB 25 2 (2) 2019-2020
50%
78 Jonathan Burkardt ST 12 1 (0) 2018-2020
50%
7 Julian Baumgartlinger DM 124 2 (9) 2011-2016
50%
3 Niko Bungert CB 139 7 (3) 2010-2017, 2018-2019
50%
4 Nikolce Noveski CB 131 4 (2) 2010-2015
50%
37 Aarón Martín LB 55 0 (5) 2018-2020
38%
29 Alexander Hack CB 65 2 (2) 2015-2020
38%
43 Alexandru Maxim AM 49 3 (2) 2017-2020
38%
20 Andreas Ivanschitz AM 77 16 (10) 2010-2013
38%
46 Anthony Ujah ST 45 6 (0) 2011-2012, 2017-2019
38%
31 Bo Svensson CB 64 0 (2) 2010-2014
38%
19 Christian Wetklo GK 79 0 (1) 2010-2014
38%
2 Daniel Brosinski RB 172 8 (26) 2014-2020
38%
52 Ja-cheol Koo CM 39 6 (3) 2013-2016
38%
23 Jairo Samperio RW 72 11 (14) 2014-2018
38%
33 Jan Kirchhoff DM 57 0 (1) 2010-2013
38%
32 Jean-Paul Boëtius AM 58 8 (13) 2018-2020
38%
41 Jhon Córdoba ST 51 10 (7) 2015-2017
38%
62 Jonas Lössl GK 27 0 (0) 2016-2017
38%
48 Ju-ho Park LB 44 1 (3) 2013-2016
38%
10 Levin Öztunali LW 97 9 (16) 2016-2020
38%
36 Marcel Risse RM 56 4 (10) 2010-2013
38%
26 Moussa Niakhaté CB 66 2 (3) 2018-2020
38%
44 Ridle Baku RB 48 3 (3) 2017-2020
38%
27 Sami Allagui ST 66 16 (7) 2010-2012, 2014-2015
38%
30 Shinji Okazaki ST 65 27 (7) 2013-2015
38%
106 Stefanos Kapino GK 2 0 (0) 2014-2015
38%
28 Yoshinori Muto ST 66 20 (10) 2015-2018
38%
81 Bojan Krkic CF 11 1 (1) 2016-2017
25%
51 Christian Clemens RW 40 6 (4) 2014-2017
25%
56 Christian Fuchs LB 31 0 (8) 2010-2011
25%
6 Danny Latza CM 124 6 (11) 2015-2020
25%
98 Dong-won Ji ST 4 0 (0) 2019-2020
25%
66 Edimilson Fernandes DM 24 1 (0) 2019-2020
25%
21 Eric-Maxim Choupo-Moting ST 74 20 (6) 2011-2014
25%
64 Gerrit Holtmann LW 26 2 (2) 2016-2019
25%
92 Jannik Huth GK 7 0 (0) 2016-2017
25%
113 Jan Simak AM 1 0 (0) 2010-2011
25%
24 Johannes Geis DM 67 5 (11) 2013-2015
25%
84 Jonas Hofmann AM 10 3 (0) 2014-2015
25%
34 Júnior Díaz CB 57 2 (5) 2012-2015
25%
89 Kenan Kodro ST 8 0 (0) 2017-2018
25%
40 Leon Balogun CB 52 1 (0) 2015-2018
25%
114 Martin Pieckenhagen GK 1 0 (0) 2010-2011
25%
75 Miroslav Karhan CM 13 0 (1) 2010-2011
25%
79 Mohamed Zidan CF 12 7 (2) 2011-2012
25%
96 Morten Rasmussen ST 5 2 (0) 2010-2011
25%
72 Petar Sliskovic ST 15 2 (0) 2010-2015
25%
85 Phillipp Mwene LB 10 0 (0) 2018-2020
25%
35 Pierre Kunde CM 57 4 (1) 2018-2020
25%
80 Taiwo Awoniyi ST 12 1 (0) 2019-2020
25%
12 Zdenek Pospech RB 92 1 (13) 2011-2014
25%
94 Aaron Seydel ST 6 1 (0) 2016-2017
13%
108 Ahmet Gürleyen CB 1 0 (0) 2018-2019
13%
70 André Ramalho CB 18 0 (0) 2016-2017
13%
71 Benedikt Saller RB 16 2 (0) 2012-2014
13%
87 Chinedu Ede RW 9 1 (0) 2012-2013
13%
49 Christoph Moritz CM 42 2 (2) 2013-2016
13%
100 Dani Schahin ST 3 0 (0) 2013-2014
13%
102 Deniz Yılmaz ST 2 0 (0) 2011-2012
13%
103 Devante Parker RW 2 0 (0) 2014-2016
13%
73 Emil Berggreen ST 14 4 (2) 2017-2018
13%
109 Eugen Gopko RB 1 0 (0) 2010-2011
13%
25 Eugen Polanski DM 66 3 (9) 2010-2013
13%
38 Fabian Frei DM 53 1 (3) 2015-2018
13%
110 Fabian Schönheim CB 1 0 (0) 2011-2012
13%
82 Filip Djuricic AM 11 0 (0) 2014-2015
13%
68 Florian Heller RM 19 1 (0) 2010-2011
13%
77 Florian Niederlechner ST 12 0 (0) 2015-2016
13%
59 Gaëtan Bussmann LB 28 1 (1) 2015-2017, 2018-2019
13%
67 Gonzalo Jara CB 23 0 (0) 2014-2016
13%
111 Haruna Babangida RW 1 0 (0) 2010-2011
13%
112 Issah Abass LW 1 0 (0) 2018-2019
13%
101 Ivan Klasnic ST 3 1 (0) 2012-2013
13%
88 Jeffrey Bruma CB 8 0 (0) 2019-2020
13%
104 José Rodríguez CM 2 0 (0) 2016-2017
13%
99 Julian Koch DM 4 0 (0) 2013-2015
13%
53 Malik Fathi LB 38 0 (3) 2010-2012, 2013-2014
13%
22 Marco Caligiuri CB 74 4 (3) 2010-2013
13%
95 Mario Gavranovic ST 5 0 (0) 2011-2012
13%
115 Maximilian Beister RW 1 0 (0) 2015-2016
13%
116 Mounir Bouziane ST 1 0 (0) 2016-2017
13%
117 Nejmeddin Daghfous MF 1 0 (0) 2012-2013
13%
118 Nicolás Castillo ST 1 0 (0) 2014-2015
13%
83 Nigel de Jong DM 11 0 (0) 2017-2018
13%
90 Nikita Rukavytsya ST 8 0 (0) 2012-2013
13%
60 Niki Zimling DM 28 2 (2) 2012-2014
13%
119 Patrick Pflücke RM 1 0 (0) 2014-2015
13%
105 Philipp Klement AM 2 0 (0) 2015-2016
13%
97 Philipp Wollscheid CB 5 0 (0) 2014-2015
13%
58 Pierre Neurath Bengtsson LB 29 0 (2) 2014-2016
13%
42 Radoslav Zabavník LB 51 0 (5) 2010-2013
13%
91 Ronaël Pierre-Gabriel RB 8 0 (1) 2019-2020
13%
76 Sebastian Polter ST 13 0 (2) 2013-2014
13%
63 Shawn Parker ST 27 4 (3) 2012-2014
13%
47 Suat Serdar CM 45 2 (0) 2015-2018
13%
107 Todor Nedelev AM 2 0 (0) 2013-2014
13%
86 Viktor Fischer LW 10 0 (0) 2017-2018
13%
93 Zoltán Stieber AM 7 0 (1) 2011-2012
13%
No matching quizzes found
Score Distribution
Percent of People with Each Score
Percentile by Number Answered
Your Score History
You have not taken this quiz